| 000 | 00862nam a22003257a 4500 | ||
|---|---|---|---|
| 001 | BR9201820 | ||
| 003 | BR-BrBNA | ||
| 005 | 20230928095028.0 | ||
| 007 | ta | ||
| 008 | 230509b bl.||||| |||| 00| 0 por d | ||
| 040 |
_aBR-BrBNA _bpor _cBiblioteca Nacional de Agricultura |
||
| 041 | _a(Por) | ||
| 072 | _aF04; F01; Q02 | ||
| 090 | _ F04 BR9201820 | ||
| 110 | 1 |
_aInstituto Campineiro de Ensino Agricola, Campinas, SP (Brasil) _95945 |
|
| 245 | 1 | _aAdministracao agricola | |
| 250 | 1 | _a2. ed. | |
| 260 | 3 |
_aCampinas, SP (Brasil): _c1969. |
|
| 300 | _a612 p. | ||
| 650 | _aSolo | ||
| 650 | _aAdubacao | ||
| 650 | _aMaquina Agricola | ||
| 650 | _aConservacao do Solo | ||
| 650 | _aHerbicida | ||
| 650 | _aCooperativa | ||
| 650 | _aTecnologia de Alimento | ||
| 650 | _aPratica Cultural | ||
| 909 |
_a202309 _bLucia _c55 _dLucia Elande |
||
| 942 | _cBK | ||
| 999 |
_c54081 _d54081 |
||